Name a District in Every Turkish Cities - No Centers - Statistics

General Stats
  • This quiz has been taken 24 times
  • The average score is 34 of 81
Answer Stats
Hint Answer % Correct
Ankara Çankaya | Keçiören | Yenimahalle | Mamak | Etimesgut
83%
Adana Seyhan | Yüreğir | Çukurova | Sarıçam | Ceyhan
83%
Çanakkale Biga | Çan | Gelibolu | Ayvacık | Ezine
78%
İzmir Buca | Karabağlar | Bornova | Karşıyaka | Konak
70%
Hatay Antakya | İskenderun | Defne | Dörtyol | Samandağ
65%
İstanbul Esenyurt | Küçükçekmece | Pendik | Ümraniye | Bağcılar
65%
Bursa Osmangazi | Yıldırım | Nilüfer | İnegöl | Gemlik
65%
Sakarya Adapazarı | Serdivan | Akyazı | Hendek | Erenler
61%
Aydın Efeler | Nazilli | Kuşadası | Söke | Didim
61%
Zonguldak Ereğli | Çaycuma | Devrek | Kozlu | Alaplı
61%
Kocaeli Gebze | İzmit | Darıca | Körfez | Gölcük
61%
Samsun İlkadım | Atakum | Bafra | Çarşamba | Canik
61%
Antalya Kepez | Muratpaşa | Alanya | Manavgat | Konyaaltı
61%
Karabük Safranbolu | Yenice | Eskipazar | Eflani | Ovacık
61%
Mersin Tarsus | Toroslar | Yenişehir | Akdeniz | Mezitli
61%
Muğla Bodrum | Fethiye | Milas | Menteşe | Marmaris
57%
Balıkesir Karesi | Altıeylül | Edremit | Bandırma | Gönen
57%
Trabzon Ortahisar | Akçaabat | Yomra | Araklı | Of
57%
Konya Selçuklu | Karatay | Meram | Ereğli | Akşehir
57%
Rize Ardeşen | Çayeli | Pazar | Fındıklı | Güneysu
52%
Van İpekyolu | Erciş | Tuşba | Edremit | Özalp
52%
Denizli Merkezefendi | Pamukkale | Çivril | Acıpayam | Tavas
52%
Manisa Yunusemre | Akhisar | Turgutlu | Şehzadeler | Salihli
52%
Ordu Altınordu | Ünye | Fatsa | Perşembe | Kumru
48%
Bilecik Bozüyük | Osmaneli | Söğüt | Gölpazarı | Pazaryeri
48%
Ağrı Doğubeyazıt | Patnos | Diyadin | Eleşkirt | Tutak
48%
Artvin Hopa | Borçka | Arhavi | Yusufeli | Şavşat
48%
Adıyaman Kahta | Besni | Gölbaşı | Sincik | Gerger
48%
Diyarbakır Kayapınar | Bağlar | Yenişehir | Ergani | Bismil
48%
Edirne Keşan | Uzunköprü | İpsala | Havsa | Meriç
48%
Mardin Kızıltepe | Artuklu | Midyat | Nusaybin | Derik
48%
Kırklareli Lüleburgaz | Babaeski | Vize | Pınarhisar | Demirköy
48%
Tunceli Pertek | Çemişgezek | Mazgirt | Ovacık | Hozat
48%
Niğde Bor | Çiftlik | Ulukışla | Altunhisar | Çamardı
43%
Yalova Çiftlikköy | Çınarcık | Altınova | Armutlu | Termal
43%
Amasya Merzifon | Suluova | Taşova | Gümüşhacıköy | Göynücek
43%
Eskişehir Odunpazarı | Tepebaşı | Sivrihisar | Çifteler | Seyitgazi
43%
Sivas Şarkışla | Yıldızeli | Suşehri | Zara | Gemerek
43%
Kastamonu Tosya | Taşköprü | Cide | İnebolu | Araç
43%
Muş Bulanık | Malazgirt | Varto | Hasköy | Korkut
39%
Şırnak Cizre | Silopi | İdil | Uludere | Beytüşşebap
39%
Tekirdağ Çorlu | Süleymanpaşa | Çerkezköy | Kapaklı | Ergene
39%
Şanlıurfa Eyyübiye | Haliliye | Karaköprü | Siverek | Viranşehir
39%
Bolu Gerede | Mudurnu | Göynük | Mengen | Yeniçağa
39%
Kahramanmaraş Onikişubat | Dulkadiroğlu | Elbistan | Afşin | Türkoğlu
39%
Hakkari Yüksekova | Şemdinli | Derecik | Çukurca
39%
Düzce Akçakoca | Gölyaka | Kaynaşlı | Çilimli | Gümüşova
35%
Nevşehir Ürgüp | Avanos | Gülşehir | Derinkuyu | Acıgöl
35%
Tokat Erbaa | Turhal | Niksar | Zile | Reşadiye
35%
Gaziantep Şahinbey | Şehitkamil | Nizip | İslahiye | Nurdağı
35%
Çorum Sungurlu | Osmancık | Alaca | İskilip | Kargı
35%
Erzurum Yakutiye | Palandöken | Aziziye | Horasan | Oltu
35%
Malatya Yeşilyurt | Battalgazi | Doğanşehir | Akçadağ | Darende
35%
Uşak Banaz | Eşme | Sivaslı | Ulubey | Karahallı
30%
Sinop Boyabat | Gerze | Ayancık | Durağan | Türkeli
30%
Giresun Bulancak | Espiye | Tirebolu | Görele | Keşap
30%
Çankırı Çerkeş | Orta | Ilgaz | Şabanözü | Kurşunlu
30%
Osmaniye Kadirli | Düziçi | Bahçe | Toprakkale | Sumbas
30%
Kars Kağızman | Sarıkamış | Selim | Digor | Arpaçay
30%
Kayseri Melikgazi | Kocasinan | Talas | Develi | Yahyalı
30%
Bitlis Tatvan | Güroymak | Ahlat | Hizan | Adilcevaz
30%
Kütahya Tavşanlı | Simav | Gediz | Emet | Altıntaş
30%
Erzincan Tercan | Üzümlü | Refahiye | İliç | Çayırlı
30%
Bartın Ulus | Amasra | Kurucaşile
30%
Isparta Yalvaç | Eğirdir | Şarkikaraağaç | Gelendost | Keçiborlu
30%
Burdur Bucak | Gölhisar | Yeşilova | Çavdır | Tefenni
26%
Gümüşhane Kelkit | Şiran | Kürtün | Torul | Köse
26%
Afyonkarahisar Sandıklı | Dinar | Bolvadin | Emirdağ | Sinanpaşa
26%
Yozgat Sorgun | Akdağmağdeni | Boğazlıyan | Yerköy | Sarıkaya
26%
Kırşehir Kaman | Mucur | Çiçekdağı | Akpınar | Boztepe
22%
Elazığ Kovancılar | Karakoçan | Palu | Baskil | Arıcak
22%
Siirt Kurtalan | Pervari | Baykan | Şirvan | Eruh
22%
Aksaray Ortaköy | Eskil | Gülağaç | Sultanhanı | Güzelyurt
22%
Kırıkkale Yahşihan | Keskin | Delice | Bahşılı | Sulakyurt
22%
Karaman Ermenek | Sarıveliler | Ayrancı | Kazımkarabekir | Başyayla
17%
Ardahan Göle | Çıldır | Hanak | Posof | Damal
17%
Batman Kozluk | Beşiri | Sason | Gercüş | Hasankefy
17%
Iğdır Tuzluca | Aralık | Karakoyunlu
17%
Kilis Musabeyli | Elbeyli | Polateli
13%
Bayburt Demirözü | Aydıntepe
9%
Bingöl Solhan | Genç | Karlıova | Adaklı | Kiğı
9%
No matching quizzes found
Score Distribution
Percent of People with Each Score
Percentile by Number Answered
Your Score History
You have not taken this quiz